01020nam a22002417a 45000010005000000030006000050050017000110080041000280200018000690400029000870500014001160820015001301000022001452450108001672500042002752600038003173000043003555050008003985200299004065210021007055210020007266500032007465687FISKH20250114090215.0250114b cb ||||| |||| 00| 0 eng d a9780590475600 aFISKHbengcFISKHdFISKH aHQ1236.U6 a305.420973 aSullivan, George  aThe day the women got the vote :bA photo history of the women's rights movement / cby George Sullivan aFirst Scholastic printing, March 1994 aNew York : bScholatic ; c1994 . a96 pages : billustrations ;c26 cm .  aZ  aWhile that day in November in 1920 when women were allowed to vote in the United States was a landmark event in American history, it represents only a portion of the long and bitter struggle by women to win equal rights in all things, not just voting. Includes portraits and period photographs.8 a1130 bLexile 8 aZ bRaz-Plus  awomen's rightsvnon-fiction